000 00908cam a22001934a 4500
005 20250605164002.0
008 250528s ||||||||||||||||||||||||d
035 _a15680
020 _a907026958
040 _aGR-AtMCL
_bgre
_dGR-AtMCL
_eAACR2
245 1 _aApplied Economics / A Manual for Students Preparing for the Applied Economics Examination of the Association of Business Executives
260 _bEmile Woolf And Associates Ltd,
_c1982
300 _a220
520 _aIncluding Tutorial Questions and Suggested Solutions. Preface, National Income and Its Determination, The Economic Role of Government, Goals of Economic Policy, Unemployment, Inflation, Economic Growth and Technological Change, Money and Banking, International Trade, Tutorial Questions, Answers to Tutorial Questions.
710 2 _aAssociation of Business Executives
_99722
942 _cBK
999 _c1242
_d1242